Militarización en Guatemala

Đã lưu trong:
Chi tiết về thư mục
Tác giả chính: Aguilera Peralta, Gabriel
Định dạng: Texto
Được phát hành: San José: CSUCA
Các nhãn: Thêm thẻ
Không có thẻ, Là người đầu tiên thẻ bản ghi này!

MARC

LEADER 00000 a a2200000 04500
001 20397
003
040 |a CRAI/IIS  |c CRAI/IIS 
090 |a 085200  
100 |a Aguilera Peralta, Gabriel  
245 |a Militarización en Guatemala  
260 |a San José:   |b CSUCA  
300 |a 28 p.  
999 |c 17428  |d 17428